000 00484nam a2200181Ia 4500
005 20250423095520.0
008 250422s9999 xx 000 0 und d
020 _a9781374527
050 _aHC 79.E5 .G33/
100 _aGbande, Cephas P.
245 0 _aGlobal economic environment
260 _aJos
260 _bECWA Productions Ltd.
260 _c2015
300 _a395 p
650 _a Environmental economics. Globalization. International economic relations.
942 _cBK
999 _c30511
_d30511